Les plus gros transferts du football - Milieux gauches - Statistiques

Statistiques générales
  • Ce quiz a été pris 74 fois
  • Le résultat moyen est 4 sur 10
Statistiques - réponses
Montant de transfert (M €) Saison Nationalité Venant de Allant à Joueur % Correct
45,00 2001-2002 République tchèque Lazio Rome Juventus Turin Pavel Nedved
90%
27,40 2022-2023 Allemagne Atalanta BC Inter Robin Gosens
75%
19,00 2015-2016 Croatie VfL Wolfsburg Inter Ivan Perisic
66%
17,00 2023-2024 Belgique La Gantoise Olympqiue Lyonnais Malick Fofana
37%
18,00 2009-2010 Brésil LOSC LIlle Olympique Lyonnais Michel Bastos
34%
18,00 2012-2013 Ghana Udinese Juventus Turin Kwadwo Asamoah
33%
27,00 2019-2020 Angleterre FC Fulham Tottenham Ryan Sessegnon
27%
21,00 2009-2010 Russie CSKA Moscou Chelsea Yuriy Zhirkov
9%
22,40 2019-2020 Autriche Hertha BSC Inter Valentino Lazaro
7%
22,80 2011-2012 Angleterre Aston Villa Liverpool Stewart Downing
4%
Aucun quiz correspondant
Distribution des résultats
% des personnes avec chaque résultat
Percentile par nombre de réponses
Votre historique - résultats
Vous n’avez pas pris ce quiz